| 000 | 00809nam a2200253 a 4500 | ||
|---|---|---|---|
| 005 | 20240924064547.0 | ||
| 008 | 991125s1988 mad spa u | ||
| 020 | _a8427708165 | ||
| 035 | _aUPN01000046372 | ||
| 049 | _aCG | ||
| 050 | 4 |
_aLB1067 _bM3.6 |
|
| 100 | 1 | _aMartínez Fraile, María Pilar | |
| 245 | 1 | 0 |
_aPrimeros pasos en psicomotricidad / _cMa. Pilar Martínez Fraile, Ma. Carmen García García, Juana Ma. Montero Marín. |
| 260 |
_aMadrid : _bNarcea, _c1988. |
||
| 300 | _a112 p. | ||
| 440 | 0 | _aPrimeros años | |
| 650 | 2 |
_aAprendizaje perceptivo _9470 |
|
| 650 | 4 |
_aEducación preescolar _91517 |
|
| 650 | 4 |
_aNiños _xCrecimiento _915181 |
|
| 700 | 1 |
_aGarcía García, María Carmen, _ecoaut. |
|
| 700 | 1 |
_aMontero Marín, Juana María, _ecoaut. |
|
| 905 | _aLibro | ||
| 999 |
_c46372 _d46372 |
||